• 首页
  • 本馆介绍
  • 公告通知
  • 最新文献
  • 馆藏检索
  • 电子资源
  • 读者导购
  • 参考咨询
  • 我的图书馆
  • 登录
  • 详细信息显示
  • 放入我的书架
  • 预约/预借图书
  • 作者相关作品
  • 分类相关作品
  • 丛书相关作品
  • 出版社相关作品

书目信息

  • 表格格式
  • 工作单格式
  • 卡片格式
题名:
婴儿营养宝典
    
 
作者: 林青平 主编
分册:  
出版信息: 乌鲁木齐   新疆青少年出版社  2005
页数: 228页
开本: 21cm
丛书名: 现代生活指南
单 册:
中图分类: R153.2
科图分类:
主题词: 婴儿--营养卫生 , 婴儿
电子资源:
ISBN: 7-5371-3185-6
000 00899oam2 2200277 45
001 012006061401
005 20061218163301.79
010    @a7-5371-3185-6@dCNY127.60(共6册)
092    @aCN@b496356
100    @a20060614d2005 em y0chiy0120 ea
101 0  @achi
102    @aCN@b650000@b440000
105    @ay z 000yy
200 1  @a婴儿营养宝典@Aying er ying yang bao dian@f林青平主编@Flin qing ping zhu bian
205    @a修订版
210    @a乌鲁木齐@c新疆青少年出版社@a珠海@c珠海出版社@d2005
215    @a228页@d21cm
225 2  @a现代生活指南
330    @a本书分为上下篇分别介绍了让孩子更聪明,努力的目标,及早下定决心,哺育母乳好处多,让宝宝吃得好,抑扬充足的婴儿配方等。
461  0 @12001 @a现代生活指南
606 0  @a婴儿@x营养卫生
606 0  @a婴儿
690    @aR153.2@v4
701  0 @a林青平@Alin qing ping@4主编
801  0 @aCN@bLZJBOOK@c20061218
905    @a10447@dR153.2@e59=2
    
    婴儿营养宝典/林青平主编.-修订版.-乌鲁木齐:新疆青少年出版社;珠海:珠海出版社,2005
    228页;21cm.-(现代生活指南)
    
    
    ISBN 7-5371-3185-6:CNY127.60(共6册)
    本书分为上下篇分别介绍了让孩子更聪明,努力的目标,及早下定决心,哺育母乳好处多,让宝宝吃得好,抑扬充足的婴儿配方等。
●
相关链接 在E读中查询图书 在五车中查询图书 在当当中查询图书 在豆瓣中查询图书


正题名:婴儿营养宝典     索取号:R153.2/59=2         预约/预借

序号 登录号 条形码 馆藏地/架位号 状态 备注
1 0552589   205525895   第二样本阅览室/ [索取号:R153.2/59=2] 在馆    
2 0552590   205525902   第三借阅区/ [索取号:R153.2/59=2] 在馆    
3 0552591   205525911   第三借阅区/ [索取号:R153.2/59=2] 在馆    
4 0552592   205525920   教育系资料室/ [索取号:R153.2/59=2] 在馆    
5 0552593   205525939   第三借阅区/ [索取号:R153.2/59=2] 在馆    
6 0552594   205525948   教育系资料室/ [索取号:R153.2/59=2] 在馆    
7 0552595   205525957   教育系资料室/ [索取号:R153.2/59=2] 在馆    
8 0552596   205525966   教育系资料室/ [索取号:R153.2/59=2] 在馆    
唐山师范学院图书馆 欢迎您!
大连网信软件有限公司© 版权所有